000 03713nab a2200289 i 4500
003 BR-BrBNA
005 20250401100732.0
008 250401b2016 bl.qr|pooa||| 00| 0 por |
040 _aBR-BrBNA
_bpor
072 _aF70
100 _aJustino, Luciana Leitão
100 _aSalimena, Fátima Regina Gonçalves
100 _aChiavegatto, Berenice
100 _aMenini Neto, Luiz
245 _aO clado Merianthera e as tribos Merianieae e Microliceae (Melastomataceae) na Serra Negra, Minas Gerais
500 _aPublicação on-line; Bibliography p. 836-838 (53 ref.); 3 illus.; Summaries (En, Pt)
520 _a Resumo Apresenta-se um estudo taxonômico do clado Merianthera e das tribos Merianieae e Microlicieae (Melastomataceae) na Serra Negra, localizada no Complexo da Mantiqueira, região sul da Zona da Mata de Minas Gerais, Brasil. O clado Merianthera está representado por Behuria parvifolia, Huberia nettoana e Cambessedesia hilariana, Merianieae está representada apenas por Meriania claussenii, enquanto Microlicieae está representada por Lavoisieraimbricata, Microlicia serpyllifolia, Rhynchanthera dichotoma, Trembleya elegans, Trembleya parviflora e Trembleya phlogiformis. A região vem sofrendo impactos devido à plantação de Pinus e Eucalyptus, especulação imobiliária, visitação desorganizada, coleta ilegal de plantas, bem como o aumento das áreas de pastagem, de modo que várias espécies se encontram sob constante ameaça. Em relação à conservação, deve-se ressaltar as espécies B. parvifolia, H. nettoana e M. claussenii, provavelmente ameaçadas de extinção a nível regional ou nacional. No presente artigo são apresentadas chaves de identificação, descrições, ilustrações, informações sobre distribuição geográfica e comentários morfológicos para os táxons desses grupos representados na Serra Negra. Palavras-chave: conservação, flora, Floresta Atlântica, Serra da Mantiqueira, taxonomia. Abstract A taxonomic study of the clade Merianthera and the tribes Merianieae and Microliceae (Melastomataceae) of Serra Negra, located in the southern region of Zona da Mata of Minas Gerais, Brazil, is presented. The clade Merianthera is represented by Behuria parvifolia, Huberia nettoana and Cambessedesia hilariana, Merianieae is represented by Meriania claussenii, while Microlicieae is represented by Lavoisiera imbricata, Microlicia serpyllifolia, Rhynchanthera dichotoma, Trembleya elegans, Trembleya parviflora and Trembleya phlogiformis. The region is suffering environmental impacts due to Pinus and Eucalyptus planting, real-state speculation, disorganized visitation, illegal collection of plants, as well as the use of forest remnants and field areas for grazing. Regarding conservation, it should be highlighted the species B. parvifolia, H. nettoana and M. claussenii, probably threatened with extinction at regional or national levels. Identification keys, descriptions, illustrations, information on the geographical distribution and morphological comments for taxa of these groups in Serra Negra are presented. Key words: conservation, floristics, Atlantic Forest, Mantiqueira Range, taxonomy.
650 _aCONSERVAÇÃO
650 _aFLORA
650 _aFLORESTA ATLÂNTICA
650 _aSERRA DA MANTIQUEIRA
650 _aTAXONOMIA
773 0 _0709
_9349459
_dRio de Janeiro-RJ Jardim Botanico do Rio de Janeiro 1935
_o2025-1979
_tRodriguésia (Brazil)
_x0370-6583; 2175-7860 on-line
_gv. 67(3) p. 823-838; (2016)
_wBR2025000206
856 _uhttps://www.scielo.br/j/rod/a/btWDZ6GL33JRFsBFMpdHQ3v/?format=pdf&lang=pt
942 _cANA
999 _c330767
_d330767